000 01451nam a2200325 c 4500
003 BLK
005 20250429131400.0
008 180409b bul|||||r ||||||| ||bul||
010 _aKNG00106916000
040 _aBLK
041 _aBUL
_cBUL
080 _aХоландска литература в Белгия
_b821.112.5(493)
_x-312.4
_z821.112.5(493)-312.4
100 1 _aХюлик, Роберт ван
_eпърви автор
_9258306
700 1 _aВъжаров, Явор
_eпрев. от англ.
_9365006
139 _aХюлик, Роберт ван
_bХ 98
245 1 0 _aКитайски загадки
_bРомани
_cРоберт ван Хюлик; прев. от англ. Явор Въжаров.
257 _aNLD
260 София
_bНар. култура
_c1987
300 _a616 с.
_bс ил.
_c21 см
380 _aX
500 _aОриг. загл. The Chinese Lake Murders ; The Chinese Bell Murders ; The Chinese Nail Murders / Robert van Gulik. - 80 125 тир. Съдържа : Езерото, което не връщаше удавници ; Скелет под камбаната ; С гвоздей в черепа.
653 _aкрими
653 _aромани
852 _aЦб 147129
856 4 _qpdf
_u
856 4 _qpdf
_u
942 _cKNG
_n0
_012
944 _aCR
_c07.07.2003
_lРусанова Ирена
_k30542
944 _aED
_c14.12.2016
_lф /
_kЛюдмила_Стоянова
999 _c101860
_d101860